Statistieken voor Provincies van België met een kaart

Klik hier om de quiz te nemen!

Algemene statistieken

  • Deze quiz is 16 keer genomen
  • De gemiddelde score is 10 van 11

Antwoorden op de kaart

Antwoorden kleurgecodeerd door een groen-rode schaal op de quizkaart volgens % correct hieronder.
 

Antwoordstatistieken

Provincies% Correct
Vlaams GewestAntwerpen
100%
Hoofdstedelijk GewestBrussel
100%
Waals GewestLuik
100%
Vlaams GewestWest-Vlaanderen
100%
Vlaams GewestLimburg
92%
Waals GewestLuxemburg
92%
Waals GewestNamen
92%
Vlaams GewestOost-Vlaanderen
92%
Vlaams GewestVlaams Brabant
92%
Waals GewestWaals Brabant
92%
Waals GewestHenegouwen
85%

Scoreverdeling

Percentiel versus Aantal Correcte Antwoorden

Procent van Mensen met Elke Score

Uw Scoregeschiedenis

U heeft deze quiz nog niet genomen